Coca-Cola (Coke) Ingredients 🥤 - Statistics

General Stats
  • This quiz has been taken 522 times
  • The average score is 3 of 6
Answer Stats
Ingredients % Correct
High fructose corn syrup
95%
Carbonated water
77%
Caramel color (E150d)
41%
Caffeine
25%
Natural flavorings
23%
{Phosphoric} acid
17%
No matching quizzes found
Score Distribution
Percent of People with Each Score
Percentile by Number Answered
Your Score History
You have not taken this quiz